000 01063nam a22002657a 4500
999 _c64602
_d64602
005 20240530110740.0
008 180923s2015 ua a f b 000 0 ara d
017 _a2015/11180
_bمصر. دار الكتب
020 _a9789774522328
040 _aEG-CaGPL
_cEG-CaGPL
082 0 4 _221
_a270.762
_bق/ل أ
100 0 _aلؤى محمود
245 1 2 _aالاقباط فى المجتمع المصرى قبل وبعد الفتح الاسلامى :
_bدراسة اثرية تاريخية تطبيقية /
_cتحرير لؤى محمود ، احمد منصور
250 _aط.1
260 _aالقاهرة :
_bمكتبة الاسكندرية،
_c2015 .
300 _a424 ص. :
_bايض ؛
_c24 سم.
490 0 _aدراسات فى الخطوط ؛
_v18
650 0 7 _2qrmak
_aالاقباط
_zمصر
650 0 7 _aالاقباط
_xالجوانب الاجتماعية
_zمصر
650 0 7 _aالاقباط
_xتاريخ
651 _2qrmak
700 0 _aاحمد منصور
_eمحرر
942 _2ddc
_cBK